| 000 | 00392nam a2200157Ia 4500 | ||
|---|---|---|---|
| 008 | 230524s9999 xx 000 0 und d | ||
| 082 | _bCHA | ||
| 100 | _aShashi Chawla | ||
| 245 | 2 | _aA Textbook of Materials Science & Engineering | |
| 250 | _a1 | ||
| 260 |
_aNew Delhi _bDhanpat Rai _c2010 |
||
| 300 | _a"XIX,359p;" | ||
| 500 | _aQuantity Number: 1 | ||
| 650 | _aChemistry | ||
| 942 | _cBK | ||
| 999 |
_c56485 _d56485 |
||